[Event "European Blitz 2022"]
[Site "Katowice POL"]
[Date "2022.12.16"]
[Round "18.93"]
[White "Aksonova, Tetiana"]
[Black "Radecki, Adam"]
[Result "1-0"]
[WhiteTitle "WFM"]
[WhiteElo "2192"]
[BlackElo "2012"]
[WhiteFideId "14106086"]
[BlackFideId "1197347"]
[EventDate "2022.12.16"]

1. e4 c5 2. Nc3 d6 3. d3 Nc6 4. Be3 e5 5. g3 g6 6. Bg2 Bg7 7. Qd2 Nge7 8. Bh6
O-O 9. h4 f5 10. h5 f4 11. Bxg7 Kxg7 12. gxf4 exf4 13. Nf3 Bg4 14. hxg6 hxg6 15.
O-O-O Bxf3 16. Bxf3 Nd4 17. Bg4 b5 18. Rdg1 Rh8 19. Qxf4 b4 20. Nd5 Nxd5 21.
exd5 b3 22. axb3 Qa5 23. Bh5 Rxh5 24. Rxg6+ Kxg6 25. Rg1+ Rg5 26. Rxg5+ 1-0

[Event "European Blitz 2022"]
[Site "Katowice POL"]
[Date "2022.12.16"]
[Round "18.94"]
[White "Aymerich Verdaguer, Eduard"]
[Black "Myrmus, Mateusz"]
[Result "1-0"]
[WhiteTitle "CM"]
[WhiteElo "2208"]
[BlackElo "2012"]
[WhiteFideId "32049293"]
[BlackFideId "21825335"]
[EventDate "2022.12.16"]

1. d4 Nf6 2. Nf3 g6 3. c4 Bg7 4. Nc3 d5 5. Bf4 O-O 6. e3 c5 7. dxc5 Qa5 8. Qa4
Qxc5 9. b4 Qc6 10. b5 Qc5 11. Qb3 dxc4 12. Bxc4 Nh5 13. O-O Nxf4 14. exf4 Qf5
15. Nd5 Kh8 16. Rae1 Nd7 17. Rxe7 Nc5 18. Qa3 b6 19. Nxb6 axb6 20. Qxa8 Bb7 21.
Qa3 Qxf4 22. Be2 Bf6 23. Rxb7 1-0

[Event "European Blitz 2022"]
[Site "Katowice POL"]
[Date "2022.12.16"]
[Round "18.95"]
[White "Cieslak, Patryk"]
[Black "Hjartarson, Johann"]
[Result "0-1"]
[BlackTitle "GM"]
[WhiteElo "2094"]
[BlackElo "2476"]
[WhiteFideId "21078882"]
[BlackFideId "2300044"]
[EventDate "2022.12.16"]

1. e4 c5 2. Nf3 e6 3. d4 cxd4 4. Nxd4 a6 5. c4 d6 6. Nc3 b6 7. Be3 Bb7 8. f3 Nd7
9. Be2 Be7 10. O-O Ngf6 11. a4 Qc7 12. a5 bxa5 13. Nb3 O-O 14. Nxa5 Bc8 15. Kh1
Rb8 16. Qc2 Re8 17. Rfb1 Bf8 18. b4 d5 19. c5 dxe4 20. Nxe4 Nxe4 21. Qxe4 Nf6
22. Qc2 Nd5 23. Bd2 Be7 24. Bc4 Bf6 25. Bxd5 exd5 26. Ra3 g6 27. Re3 Bf5 28. Rd3
Re2 29. Qb3 Rbe8 30. Rf1 Bxd3 31. Qxd3 Qe5 32. c6 Qb2 33. Nb3 d4 34. c7 R2e7 35.
Bf4 Qc3 36. Qxc3 dxc3 37. g4 c2 38. Kg2 Bb2 39. Rf2 Re2 40. Rxe2 Rxe2+ 41. Kf1
Re8 42. Bg5 Rc8 43. Bf4 c1=Q+ 44. Nxc1 Bxc1 45. Bxc1 Rxc7 46. Be3 Rc2 47. h4 f5
48. gxf5 gxf5 49. Bf2 Kf7 50. Kg2 Ke6 51. Kg3 f4+ 52. Kg2 Kd5 53. Kg1 Kc4 54.
Bc5 a5 55. Bd6 axb4 56. Bxf4 b3 0-1

[Event "European Blitz 2022"]
[Site "Katowice POL"]
[Date "2022.12.16"]
[Round "18.96"]
[White "Delgerdalai, Bayarjavkhlan"]
[Black "Batsiashvili, Nino"]
[Result "1-0"]
[BlackTitle "GM"]
[WhiteElo "2100"]
[BlackElo "2493"]
[WhiteFideId "23727276"]
[BlackFideId "13602993"]
[EventDate "2022.12.16"]

1. e4 e5 2. Nf3 Nc6 3. Bb5 Nge7 4. O-O Ng6 5. c3 d6 6. d4 Bd7 7. Nbd2 Be7 8. Re1
O-O 9. Nf1 a6 10. Bd3 exd4 11. cxd4 Bf6 12. Be3 Re8 13. Qd2 Bg4 14. d5 Nce5 15.
Nd4 Nxd3 16. Qxd3 Ne5 17. Qc2 Rc8 18. f3 Bd7 19. Ng3 g6 20. Rac1 c5 21. dxc6
bxc6 22. Qe2 c5 23. Nb3 Bb5 24. Qd2 Nd3 25. Rcd1 Nxe1 26. Qxe1 Bxb2 27. Nxc5 Bg7
28. Nb7 Rc6 29. Nxd8 Rxd8 30. Rc1 1-0

[Event "European Blitz 2022"]
[Site "Katowice POL"]
[Date "2022.12.16"]
[Round "18.97"]
[White "Niezhentsev, Kyrylo"]
[Black "De Filomeno, Simone"]
[Result "1/2-1/2"]
[BlackTitle "IM"]
[WhiteElo "2052"]
[BlackElo "2450"]
[WhiteFideId "34126660"]
[BlackFideId "828688"]
[EventDate "2022.12.16"]

1. e4 c5 2. Nf3 Nc6 3. d4 cxd4 4. Nxd4 g6 5. Nc3 Bg7 6. Be3 Nf6 7. Nxc6 bxc6 8.
e5 Nd5 9. Nxd5 cxd5 10. Qxd5 Rb8 11. O-O-O Qc7 12. f4 O-O 13. Qc5 Qb7 14. Bd4 d6
15. Qxa7 Qb4 16. a3 Qb7 17. Qxb7 Bxb7 18. exd6 exd6 19. Bxg7 Kxg7 20. Rd2 Rfe8
21. Bd3 h5 22. a4 h4 23. h3 Re3 24. Rf1 Rg3 25. Rff2 Re8 26. Kd1 Ra8 27. b3 Kf6
28. Bc4 Ke7 29. Bd5 Bxd5 30. Rxd5 f6 31. Re2+ Kd7 32. Red2 Ra6 33. Re2 Kc6 34.
Rdd2 Ra5 35. Re6 Rf5 36. Re4 d5 37. Red4 g5 38. Rf2 Kc5 39. Rd3 Rxd3+ 40. cxd3
Kb4 41. Kc2 d4 42. Kb2 gxf4 43. Rf1 Rg5 44. Rxf4 Rxg2+ 45. Kc1 Kc3 46. Kd1 Kxd3
47. Rf3+ Ke4 48. Rxf6 Rg3 49. b4 Rxh3 50. a5 Rb3 51. Rb6 h3 52. Rh6 Rxb4 53.
Rxh3 Ra4 54. Rh5 Kd3 55. Rh3+ Kc4 56. Rh5 Kc3 57. Rc5+ Kd3 58. Kc1 Ra1+ 59. Kb2
Rh1 60. a6 Rh7 61. Ra5 Ra7 62. Ra3+ Ke2 63. Kc2 Rc7+ 64. Kb2 Ra7 65. Kc2 d3+ 66.
Rxd3 Rxa6 1/2-1/2

[Event "European Blitz 2022"]
[Site "Katowice POL"]
[Date "2022.12.16"]
[Round "18.98"]
[White "Diermair, Andreas"]
[Black "Dwilewicz, Katarzyna"]
[Result "1-0"]
[WhiteTitle "GM"]
[BlackTitle "WFM"]
[WhiteElo "2446"]
[BlackElo "2123"]
[WhiteFideId "1612468"]
[BlackFideId "1148486"]
[EventDate "2022.12.16"]

1. e4 c5 2. Be2 Nc6 3. f4 d6 4. Nf3 Nf6 5. d3 g6 6. O-O Bg7 7. Qe1 b5 8. a4 b4
9. Nbd2 O-O 10. Qh4 e6 11. Nb3 Nd7 12. Qg3 Ba6 13. e5 d5 14. Be3 d4 15. Bf2 Rc8
16. a5 Ne7 17. Nfd2 Nf5 18. Qh3 Bb7 19. Nc4 Bd5 20. Nbd2 Nb8 21. g4 Ne7 22. Bh4
Qd7 23. Ne4 Bxe4 24. dxe4 Nbc6 25. Bd3 b3 26. cxb3 Nb4 27. Rfd1 Nec6 28. Nd6 Rb8
29. Bc4 Nc2 30. Rac1 Ne3 31. Re1 Nxa5 32. Bf6 Nxb3 33. Bxg7 Kxg7 34. f5 Kh8 35.
f6 Nd2 36. Qh6 Rg8 37. Rxe3 dxe3 38. Qxe3 Nxc4 39. Rxc4 Rxb2 40. Rc3 Qa4 41. Rc1
Qb3 42. Nxf7# 1-0

[Event "European Blitz 2022"]
[Site "Katowice POL"]
[Date "2022.12.16"]
[Round "18.99"]
[White "Lauda, Alexandr"]
[Black "Maier, Christian"]
[Result "1-0"]
[BlackTitle "IM"]
[WhiteElo "2032"]
[BlackElo "2315"]
[WhiteFideId "13903179"]
[BlackFideId "4601955"]
[EventDate "2022.12.16"]

1. e4 e6 2. d4 d5 3. e5 c5 4. c3 Nd7 5. f4 Ne7 6. Nf3 Nc6 7. Bd3 cxd4 8. cxd4
Bb4+ 9. Nc3 f6 10. O-O Qb6 11. Kh1 Nf8 12. Be3 Bd7 13. Na4 Qd8 14. a3 Be7 15. b4
f5 16. Rc1 h6 17. Nc5 Rb8 18. Nxd7 Qxd7 19. b5 Nd8 20. a4 Nf7 21. b6 a6 22. Rc7
Qd8 23. Qb3 g5 24. Rfc1 Ng6 25. a5 O-O 26. fxg5 hxg5 27. Bd2 g4 28. Ng1 Bg5 29.
Qb2 Nf4 30. Bb1 Qe8 31. g3 Nh3 32. Nxh3 gxh3 33. g4 Qd8 34. gxf5 Kh8 35. f6 1-0

[Event "European Blitz 2022"]
[Site "Katowice POL"]
[Date "2022.12.16"]
[Round "18.100"]
[White "Wojdak, Jan"]
[Black "Maltsevskaya, Aleksandra"]
[Result "0-1"]
[BlackTitle "IM"]
[WhiteElo "2115"]
[BlackElo "2400"]
[WhiteFideId "21817111"]
[BlackFideId "24174041"]
[EventDate "2022.12.16"]

1. e4 c5 2. Nf3 e6 3. d4 cxd4 4. Nxd4 Nf6 5. Nc3 Nc6 6. Nxc6 bxc6 7. e5 Nd5 8.
Ne4 Qc7 9. f4 Qb6 10. c4 Bb4+ 11. Ke2 f5 12. exf6 Nxf6 13. Be3 Qd8 14. Nd6+ Bxd6
15. Qxd6 Bb7 16. Rg1 c5 17. Qe5 O-O 18. g4 d5 19. g5 Ne4 20. Bg2 Kh8 21. Bxe4
dxe4 22. Rad1 Qe8 23. g6 hxg6 24. Rg3 Rf5 25. Qc7 Bc6 26. Rdg1 Rc8 27. Qxa7 Rf6
28. a3 e5 29. f5 Rb8 30. b4 cxb4 31. Rxg6 Rxg6 32. Rxg6 Rb7 33. Qc5 Bd7 34. axb4
Bxf5 35. Rd6 Qh5+ 36. Kd2 Qxh2+ 37. Bf2 Rf7 38. b5 Bg4 39. Ke1 Qh1+ 40. Bg1 Qf3
41. Qe3 Qf1+ 42. Kd2 Qd1+ 0-1

[Event "European Blitz 2022"]
[Site "Katowice POL"]
[Date "2022.12.16"]
[Round "19.1"]
[White "Sargsyan, Shant"]
[Black "Navara, David"]
[Result "1-0"]
[WhiteTitle "GM"]
[BlackTitle "GM"]
[WhiteElo "2645"]
[BlackElo "2684"]
[WhiteFideId "13306766"]
[BlackFideId "309095"]
[EventDate "2022.12.16"]

1. d4 Nf6 2. Nf3 e6 3. c4 d5 4. Nc3 Bb4 5. Qa4+ Nc6 6. e3 O-O 7. Qc2 b6 8. Bd2
Bb7 9. cxd5 exd5 10. Bd3 Bd6 11. a3 a6 12. Ne2 Re8 13. Ng3 g6 14. O-O Ne4 15.
Rac1 Qe7 16. Bc3 h5 17. Bxe4 dxe4 18. Ne5 h4 19. Ne2 Nd8 20. h3 Ne6 21. Rfd1 Bd5
22. Bb4 a5 23. Bxd6 cxd6 24. Nc3 Qb7 25. Nd7 Qxd7 26. Nxd5 Qd8 27. Qc6 Rb8 28.
Qxe8+ Qxe8 29. Nf6+ Kf8 30. Nxe8 Kxe8 31. d5 Nc5 32. b4 Nd3 33. Rc4 f5 34. Rb1
axb4 35. axb4 Ra8 36. Rc6 Ra2 37. Rf1 Kd7 38. Rxb6 f4 39. Rb7+ Kc8 40. Rg7 fxe3
41. fxe3 1-0

[Event "European Blitz 2022"]
[Site "Katowice POL"]
[Date "2022.12.16"]
[Round "19.3"]
[White "Alonso Rosell, Alvar"]
[Black "Ziska, Helgi Dam"]
[Result "1-0"]
[WhiteTitle "GM"]
[BlackTitle "GM"]
[WhiteElo "2561"]
[BlackElo "2546"]
[WhiteFideId "2270544"]
[BlackFideId "7200595"]
[EventDate "2022.12.16"]

1. d4 Nf6 2. c4 g6 3. Nf3 Bg7 4. g3 O-O 5. Bg2 d6 6. Nc3 Nbd7 7. O-O e5 8. Qc2
c6 9. Rd1 Qe7 10. e4 a6 11. h3 b5 12. a3 exd4 13. Nxd4 Bb7 14. Bf4 Ne5 15. cxb5
axb5 16. Nf3 Nfd7 17. Qd2 Nc4 18. Bxd6 Qe6 19. Qf4 Rfe8 20. e5 Ndxe5 21. Ng5 Qf6
22. Qxf6 Bxf6 23. Nge4 Bg7 24. b3 Na5 25. Nc5 Bc8 26. Re1 Bf5 27. g4 Bc2 28.
Rac1 Bxb3 1-0

[Event "European Blitz 2022"]
[Site "Katowice POL"]
[Date "2022.12.16"]
[Round "19.4"]
[White "Bartel, Mateusz"]
[Black "Deac, Bogdan-Daniel"]
[Result "1/2-1/2"]
[WhiteTitle "GM"]
[BlackTitle "GM"]
[WhiteElo "2627"]
[BlackElo "2700"]
[WhiteFideId "1112635"]
[BlackFideId "1226380"]
[EventDate "2022.12.16"]

1. e4 c6 2. Nf3 d5 3. Nc3 Bg4 4. h3 Bxf3 5. Qxf3 e6 6. Qg3 Nf6 7. d3 g6 8. Be2
Bg7 9. O-O O-O 10. Bf4 Na6 11. a3 Re8 12. Bf3 Nd7 13. Rfe1 Rc8 14. e5 Qb6 15.
Rab1 c5 16. h4 Nab8 17. h5 Nc6 18. Nd1 Qc7 19. Ne3 Bxe5 20. Bxe5 Qxe5 21. Qh3
Qd6 22. Ng4 Nce5 23. Qg3 Nxf3+ 24. Qxf3 f5 25. hxg6 hxg6 26. Ne3 Nf6 27. g3 e5
28. Ng2 Kg7 29. c4 e4 30. dxe4 fxe4 31. Qb3 d4 32. Qxb7+ Rc7 33. Qb5 g5 34. b4
Rec8 35. Rbd1 Kg6 36. Ne3 Qb6 37. bxc5 Qxb5 38. cxb5 dxe3 39. c6 exf2+ 40. Kxf2
a6 41. a4 axb5 42. axb5 Rb8 43. Rb1 Rb6 44. Ke3 Kf7 45. Kd4 Rc8 46. Kc5 Rcb8 47.
Red1 Ke6 48. c7 Nd7+ 49. Rxd7 Kxd7 50. cxb8=Q Rxb8 51. Re1 Rc8+ 52. Kd4 Rb8 53.
Rb1 Re8 54. b6 Kc8 55. Ke3 Kb7 56. Rb5 g4 57. Rb4 Rf8 58. Rxe4 Rf3+ 59. Ke2 Rxg3
60. Kf2 Rb3 61. Rxg4 Kxb6 62. Rg3 1/2-1/2

[Event "European Blitz 2022"]
[Site "Katowice POL"]
[Date "2022.12.16"]
[Round "19.5"]
[White "Laurusas, Tomas"]
[Black "Santos Latasa, Jaime"]
[Result "0-1"]
[WhiteTitle "GM"]
[BlackTitle "GM"]
[WhiteElo "2567"]
[BlackElo "2668"]
[WhiteFideId "12803731"]
[BlackFideId "2293307"]
[EventDate "2022.12.16"]

1. d4 Nf6 2. c4 e6 3. Nf3 d5 4. Nc3 Bb4 5. cxd5 exd5 6. Bg5 h6 7. Bh4 g5 8. Bg3
Ne4 9. Nd2 Nxc3 10. bxc3 Bxc3 11. Rc1 Ba5 12. h4 Rg8 13. hxg5 hxg5 14. e3 Bf5
15. Qb3 c6 16. Qxb7 Qb6 17. Qxb6 axb6 18. Bxb8 Kd7 19. Bg3 Bb4 20. Be2 Rxa2 21.
O-O Bxd2 22. Rcd1 b5 23. Bh2 b4 24. Ra1 Rga8 25. Rxa2 Rxa2 26. Bd1 Bd3 27. Bb3
Rb2 0-1

[Event "European Blitz 2022"]
[Site "Katowice POL"]
[Date "2022.12.16"]
[Round "19.6"]
[White "Alexakis, Dimitris"]
[Black "Moroni, Luca Jr"]
[Result "0-1"]
[WhiteTitle "IM"]
[BlackTitle "GM"]
[WhiteElo "2486"]
[BlackElo "2576"]
[WhiteFideId "4277023"]
[BlackFideId "865834"]
[EventDate "2022.12.16"]

1. e4 d6 2. d4 e5 3. Nf3 exd4 4. Nxd4 Nf6 5. Nc3 Be7 6. g3 O-O 7. Bg2 Re8 8. O-O
Bf8 9. h3 c6 10. Re1 a5 11. g4 Na6 12. Bf4 Nc5 13. Bg3 a4 14. Qd2 g6 15. Rad1
Qb6 16. Qc1 Bd7 17. Kh1 Qb4 18. a3 Qb6 19. f4 h5 20. e5 dxe5 21. fxe5 Bxg4 22.
hxg4 Nxg4 23. Bf3 Bh6 24. Qb1 Ne3 25. Rd2 Rad8 26. b4 Ne6 27. Nxa4 Qa7 28. Bf2
Rxd4 29. Rde2 Qxa4 30. Bxe3 Bxe3 31. Rxe3 Red8 32. c3 Rd2 33. Qe4 Qc2 34. Qh4
Qf5 35. Be4 Qf4 36. Qh3 Ng5 37. Qg3 Qxg3 38. Rxg3 Ne6 39. Rf1 Kg7 40. Rf6 Nf8
41. Rgf3 R8d7 42. Kg1 Re7 43. e6 Nxe6 44. Rf1 Ng5 45. Bg2 Rc2 46. Rd6 Rxc3 0-1

[Event "European Blitz 2022"]
[Site "Katowice POL"]
[Date "2022.12.16"]
[Round "19.7"]
[White "Gavrilescu, David"]
[Black "Piorun, Kacper"]
[Result "1-0"]
[WhiteTitle "IM"]
[BlackTitle "GM"]
[WhiteElo "2522"]
[BlackElo "2611"]
[WhiteFideId "1227190"]
[BlackFideId "1130420"]
[EventDate "2022.12.16"]

1. e4 d5 2. exd5 Qxd5 3. Nf3 Qd8 4. d4 Nf6 5. Be2 g6 6. O-O Bg7 7. h3 O-O 8. c4
b6 9. Nc3 Bb7 10. Bf4 e6 11. Qc2 a6 12. Rad1 Nc6 13. Rfe1 Ne7 14. Ne5 Qc8 15.
Bf3 Bxf3 16. Nxf3 Re8 17. d5 exd5 18. cxd5 Qb7 19. Qb3 Nf5 20. Ne5 Ne7 21. d6
cxd6 22. Nxf7 d5 23. Nd6 Qc6 24. Nxe8 Rxe8 25. Bg5 Kf8 26. Bxf6 Bxf6 27. Nxd5
Nxd5 28. Rxe8+ Qxe8 29. Qxd5 Qe2 30. Rd2 Qe1+ 31. Kh2 Kg7 32. g3 h5 33. h4 b5
34. Kg2 Kh7 35. Qf7+ Bg7 36. Rd6 Qe4+ 37. Qf3 Qe5 38. Qd3 Bf6 39. Qd5 1-0

[Event "European Blitz 2022"]
[Site "Katowice POL"]
[Date "2022.12.16"]
[Round "19.8"]
[White "Hovhannisyan, Robert"]
[Black "Keinanen, Toivo"]
[Result "1-0"]
[WhiteTitle "GM"]
[BlackTitle "IM"]
[WhiteElo "2597"]
[BlackElo "2508"]
[WhiteFideId "13302507"]
[BlackFideId "509825"]
[EventDate "2022.12.16"]

1. e4 e6 2. d4 d5 3. Nc3 Nf6 4. Bg5 dxe4 5. Nxe4 Nbd7 6. Nf3 Be7 7. Nxf6+ Bxf6
8. Bxf6 Qxf6 9. Qd2 O-O 10. Qe3 b6 11. Ne5 Nxe5 12. dxe5 Qh4 13. O-O-O Bb7 14.
Rd4 Qe7 15. Bd3 f5 16. exf6 Qxf6 17. f3 Rad8 18. Rxd8 Rxd8 19. Re1 Rd6 20. Bc4
Bc8 21. g3 Bd7 22. f4 h6 23. h4 Qf5 24. a3 a5 25. Bd3 Qd5 26. Qe4 Qxe4 27. Rxe4
Kf7 28. Re5 Rd5 29. Kd2 Kf6 30. Rxd5 exd5 31. Ke3 c5 32. c3 Bg4 33. Bc2 Ke6 34.
Bh7 Kd6 35. Bd3 Ke6 36. Bb5 Kd6 37. Ba6 Bh5 38. Bc8 Bd1 39. g4 Bc2 40. g5 Bd1
41. Bf5 Bh5 42. Bd3 Bf7 43. Bc2 Be8 44. Bb1 Bf7 45. Bh7 Be8 46. f5 hxg5 47. hxg5
Ke5 48. f6 d4+ 49. cxd4+ cxd4+ 50. Kd2 g6 51. Bg8 Kf5 52. f7 Bxf7 53. Bxf7 Kxg5
54. Kd3 Kf6 55. Be8 g5 56. Kxd4 g4 57. Bc6 g3 58. Kc4 Ke6 59. Kb5 Kd6 60. Kxb6
a4 61. Bg2 1-0

[Event "European Blitz 2022"]
[Site "Katowice POL"]
[Date "2022.12.16"]
[Round "19.9"]
[White "Kazakouski, Valery"]
[Black "Kozak, Antoni"]
[Result "1-0"]
[WhiteTitle "GM"]
[WhiteElo "2539"]
[BlackElo "2422"]
[WhiteFideId "13507443"]
[BlackFideId "21832030"]
[EventDate "2022.12.16"]

1. Nf3 Nf6 2. c4 c5 3. b3 d5 4. cxd5 Nxd5 5. Bb2 Nc6 6. Nc3 e5 7. e3 Nc7 8. Bc4
Be7 9. O-O O-O 10. Ne4 b5 11. Be2 f5 12. Ng3 Bd6 13. a4 b4 14. Bc4+ Kh8 15. d3
Qe7 16. Re1 Na5 17. Qc2 Bb7 18. e4 f4 19. Nf5 Rxf5 20. exf5 Bxf3 21. gxf3 Qg5+
22. Kh1 Qxf5 23. Qe2 Qh5 24. Rg1 Rf8 25. Rg4 Qf5 26. Rag1 Ne8 27. Rg5 Qh3 28.
Bxe5 Nxc4 29. dxc4 Bxe5 30. Rxe5 Qc8 31. Re7 Rg8 32. Qe4 Nd6 33. Qxf4 Nf5 34.
Rc7 Qf8 35. Rxa7 h6 36. Rd7 Qf6 37. Rd5 1-0

[Event "European Blitz 2022"]
[Site "Katowice POL"]
[Date "2022.12.16"]
[Round "19.10"]
[White "Yuffa, Daniil"]
[Black "Vogel, Roven"]
[Result "1/2-1/2"]
[WhiteTitle "GM"]
[BlackTitle "IM"]
[WhiteElo "2587"]
[BlackElo "2463"]
[WhiteFideId "24131423"]
[BlackFideId "12908088"]
[EventDate "2022.12.16"]

1. Nf3 d5 2. g3 b6 3. c4 dxc4 4. Na3 Bb7 5. Bg2 e6 6. Nxc4 Be7 7. O-O Nf6 8. d3
O-O 9. Bd2 c5 10. a4 Nd5 11. Nfe5 Nd7 12. a5 Nxe5 13. Nxe5 Rc8 14. axb6 axb6 15.
Ra7 Rc7 16. Nc4 Bc6 17. Qa1 Qb8 18. Ra6 b5 19. Na5 Bd7 20. Rc1 Qc8 21. Nb3 c4
22. dxc4 bxc4 23. Nd4 Bf6 24. Bc3 Bg5 25. Rd1 Qb8 26. Bxd5 exd5 27. Ra5 Be6 28.
Nf3 Qd8 29. Nxg5 Qxg5 30. Rd4 Qg6 31. Ra6 Qc2 32. Rd2 Qe4 33. f3 Qe3+ 34. Kg2 d4
35. Rxd4 Qxe2+ 36. Kg1 Qxf3 37. Qf1 Qb7 38. Rad6 h6 39. Rd8 Rc8 40. Rxf8+ Rxf8
41. Qf4 Ra8 42. Qe4 Ra1+ 43. Kf2 Qxe4 44. Rxe4 Ra6 45. Rd4 g5 46. g4 Kh7 47. h3
Ra8 48. Kg3 Kg6 49. Rd6 h5 50. Rb6 h4+ 51. Kf3 Rd8 52. Ra6 Rd3+ 53. Kg2 Rg3+ 54.
Kh2 Re3 55. Ra8 f5 56. Ra6 fxg4 57. hxg4 Kf7 58. Ra7+ Kf8 59. Ra5 Bxg4 60. Rxg5
Re2+ 61. Kg1 Be6 62. Re5 Rxe5 63. Bxe5 h3 1/2-1/2

[Event "European Blitz 2022"]
[Site "Katowice POL"]
[Date "2022.12.16"]
[Round "19.11"]
[White "Drozdowski, Kacper"]
[Black "Lagarde, Maxime"]
[Result "1-0"]
[WhiteTitle "IM"]
[BlackTitle "GM"]
[WhiteElo "2448"]
[BlackElo "2584"]
[WhiteFideId "1136720"]
[BlackFideId "662399"]
[EventDate "2022.12.16"]

1. e4 c5 2. Nf3 d6 3. d4 cxd4 4. Nxd4 Nf6 5. f3 e5 6. Nb3 Be7 7. c4 a5 8. Be3 a4
9. N3d2 O-O 10. Nc3 a3 11. b4 Be6 12. Nd5 Bxd5 13. cxd5 Nh5 14. g3 Bg5 15. Bf2
Qf6 16. Nc4 Nd7 17. Bh3 Qe7 18. Bxd7 Qxd7 19. Nb6 Qb5 20. Nxa8 Rxa8 21. Qe2
Qxb4+ 22. Kf1 Qb2 23. Qxb2 axb2 24. Rb1 Rxa2 25. Ke2 g6 26. Be3 Bxe3 27. Kxe3 f5
28. Rhe1 Nf6 29. Re2 Ra3+ 30. Kf2 fxe4 31. fxe4 Ra4 32. Kf3 g5 33. h3 h5 34. g4
hxg4+ 35. hxg4 Nd7 36. Rbxb2 Nc5 37. Re3 Kf7 38. Rh2 Ke7 39. Rh5 b5 40. Rxg5 b4
41. Rg7+ Kf6 42. Rc7 Ra1 43. Rc6 Ke7 44. Rb6 Rb1 45. g5 b3 46. Kg2 Kf7 47. Rxd6
b2 48. Rb6 Na4 49. Rb7+ Kg6 50. Reb3 Re1 51. R7b4 Kxg5 52. d6 Nc5 53. Rxb2 Kf6
54. Rc4 Nd7 55. Rb7 Ke6 56. Ra7 Rd1 57. Rb4 Rxd6 58. Ra2 Nf6 59. Kf3 Rd3+ 60.
Ke2 Rh3 61. Ra6+ Kf7 62. Rb7+ Kg6 63. Rbb6 Rh2+ 64. Kf3 Rh3+ 65. Kg2 Re3 66.
Rxf6+ Kg5 67. Rf5+ Kg4 68. Rxe5 Re2+ 69. Kf1 Rb2 70. Rf6 Kg3 71. Rg5+ Kh4 72.
Rgf5 1-0

[Event "European Blitz 2022"]
[Site "Katowice POL"]
[Date "2022.12.16"]
[Round "19.12"]
[White "Donchenko, Alexander"]
[Black "Kosteniuk, Alexandra"]
[Result "0-1"]
[WhiteTitle "GM"]
[BlackTitle "GM"]
[WhiteElo "2636"]
[BlackElo "2520"]
[WhiteFideId "24603295"]
[BlackFideId "4128125"]
[EventDate "2022.12.16"]

1. Nf3 f5 2. g3 Nf6 3. Bg2 g6 4. d4 Bg7 5. c4 d6 6. O-O O-O 7. Nc3 a5 8. b3 e5
9. dxe5 dxe5 10. Ba3 Qxd1 11. Raxd1 Re8 12. e4 fxe4 13. Ng5 Bg4 14. Rd2 Nc6 15.
Ngxe4 Nxe4 16. Bxe4 Bh6 17. Rd5 Nd4 18. Nb5 c6 19. Nxd4 exd4 20. Rxd4 Rad8 21.
Rxd8 Rxd8 22. Bc1 Bxc1 23. Rxc1 Bh3 24. Bg2 Bxg2 25. Kxg2 Rd2 26. Re1 Kf7 27. a3
Rb2 28. Re3 Kf6 29. h4 h5 30. Kf3 Kf5 31. a4 Kf6 32. Rd3 Kf5 33. Ke3 Ke5 34. f3
b6 35. Rc3 Rg2 36. c5 bxc5 37. Rxc5+ Kd6 38. Rxa5 Rxg3 39. Rg5 Rh3 40. Rxg6+ Kc7
41. Ke4 Rxh4+ 42. f4 Rh3 43. b4 Rb3 44. b5 0-1

[Event "European Blitz 2022"]
[Site "Katowice POL"]
[Date "2022.12.16"]
[Round "19.13"]
[White "Oleksiyenko, Mykhaylo"]
[Black "Seo, Jung Min"]
[Result "1-0"]
[WhiteTitle "GM"]
[BlackTitle "IM"]
[WhiteElo "2594"]
[BlackElo "2502"]
[WhiteFideId "4152417"]
[BlackFideId "1734687"]
[EventDate "2022.12.16"]

1. e4 c5 2. Nf3 d6 3. d4 cxd4 4. Nxd4 Nf6 5. Nc3 a6 6. a4 e5 7. Nf3 h6 8. g3 Be7
9. Bg2 O-O 10. O-O Be6 11. Re1 Nbd7 12. Nh4 Re8 13. Nf5 Qc7 14. Ne3 Rac8 15. a5
Bf8 16. h3 h5 17. Ncd5 Bxd5 18. exd5 g6 19. c4 e4 20. Bd2 Bg7 21. Bc3 Ne5 22.
Bxe5 Rxe5 23. b4 Ree8 24. Rc1 Nd7 25. g4 hxg4 26. hxg4 Qd8 27. Qc2 Qg5 28. Bxe4
Bd4 29. Qd3 Bxe3 30. Rxe3 Qxg4+ 31. Bg2 Ne5 32. Qe4 Qd7 33. Qd4 Qa4 34. c5 dxc5
35. Rxc5 Rxc5 36. Qxc5 Qd1+ 37. Bf1 Nf3+ 38. Kg2 Nh4+ 39. Kg1 Rd8 40. Qe7 Qg4+
41. Rg3 Nf3+ 42. Kg2 Nh4+ 43. Kh2 Qh5 44. Qxd8+ Kg7 45. Bh3 Nf3+ 46. Kg2 Nh4+
47. Kh1 Qd1+ 48. Kh2 Nf3+ 49. Rxf3 Qxf3 50. Qh4 Qxd5 51. Qf4 g5 52. Qf5 Qd6+ 53.
Kg2 Qxb4 54. Qxg5+ Kf8 55. Bg4 b6 56. Qd8+ Kg7 57. Qg5+ Kf8 58. axb6 Qxb6 59.
Be2 a5 60. Qb5 Qc7 61. Bc4 Qd8 62. Qc5+ Kg7 63. Kf3 Qf6+ 64. Ke2 Qb2+ 65. Kd3
Qb1+ 66. Ke3 Qc1+ 67. Kf3 Qh1+ 68. Ke2 Qe4+ 69. Kd2 Qf4+ 70. Kc2 Qe4+ 71. Kb2
Qf4 72. Bb3 a4 73. Bc4 f5 74. Ka3 Qf3+ 75. Kxa4 Kf6 76. Qd4+ Kg5 77. Kb4 Qe4 78.
Qxe4 fxe4 79. Kc3 Kf4 80. Be2 1-0

[Event "European Blitz 2022"]
[Site "Katowice POL"]
[Date "2022.12.16"]
[Round "19.14"]
[White "Peyrer, Konstantin"]
[Black "Dvirnyy, Danyyil"]
[Result "1-0"]
[WhiteTitle "FM"]
[BlackTitle "GM"]
[WhiteElo "2380"]
[BlackElo "2530"]
[WhiteFideId "1640879"]
[BlackFideId "817570"]
[EventDate "2022.12.16"]

1. d4 d5 2. Nf3 Nf6 3. c4 e6 4. g3 Nbd7 5. Bg2 dxc4 6. O-O a6 7. a4 Bd6 8. Nfd2
O-O 9. Nxc4 Qe7 10. Nc3 Rd8 11. e4 e5 12. dxe5 Nxe5 13. Nxd6 Rxd6 14. Qc2 Rd8
15. h3 Be6 16. Bf4 Nd3 17. Be3 Nb4 18. Qc1 c5 19. a5 Bb3 20. Na4 Nxe4 21. Nxc5
Nd6 22. Nxb3 Rac8 23. Qb1 Nc4 24. Re1 Qf6 25. Ra4 Nxe3 26. Rxb4 Nc2 27. Rf4 Qg6
28. Be4 Nxe1 29. Bxg6 1-0

[Event "European Blitz 2022"]
[Site "Katowice POL"]
[Date "2022.12.16"]
[Round "19.15"]
[White "Klekowski, Maciej"]
[Black "Wieczorek, Oskar"]
[Result "1-0"]
[WhiteTitle "GM"]
[BlackTitle "GM"]
[WhiteElo "2477"]
[BlackElo "2504"]
[WhiteFideId "1132717"]
[BlackFideId "1133950"]
[EventDate "2022.12.16"]

1. c4 e6 2. Nf3 d5 3. e3 Nf6 4. b3 c6 5. Bb2 Nbd7 6. g3 Bd6 7. Bg2 O-O 8. O-O b6
9. Nc3 Bb7 10. Rc1 Re8 11. d4 Rc8 12. cxd5 exd5 13. Nh4 Bf8 14. Re1 a5 15. e4
dxe4 16. Nxe4 Nxe4 17. Bxe4 Nf6 18. Bg2 Rxe1+ 19. Qxe1 Nd5 20. Nf5 g6 21. Ne3
Bh6 22. Rd1 Qd7 23. Nc4 Re8 24. Qf1 Ba6 25. Nxb6 Bxf1 26. Nxd7 Bxg2 27. Kxg2 Re2
28. Bc1 Bxc1 29. Rxc1 Nb4 30. Ne5 Rxa2 31. Nxc6 Nd3 32. Rf1 Rb2 33. Nxa5 Nb4 34.
Kf3 Rd2 35. Ke3 Rd3+ 36. Ke4 Rd2 37. Nc4 f5+ 38. Ke5 Rd3 39. Ra1 Nc6+ 40. Kf6
Rxd4 41. Ra8+ Nd8 42. Ke7 1-0